Sistema de información del sector trabajo y seguridad social. Algunas cifras sociales

Uloženo v:
Podrobná bibliografie
Korporativní autor: Costa Rica. Ministerio de Trabajo y Seguridad Social. Dirección General de Planificación del Trabajo
Médium: Text
Vydáno: San José: MTSS
Tagy: Přidat tag
Žádné tagy, Buďte první, kdo vytvoří štítek k tomuto záznamu!

MARC

LEADER 00000 a a2200000 04500
001 12473
003
040
090 |a 028000  
110 |a Costa Rica. Ministerio de Trabajo y Seguridad Social. Dirección General de Planificación del Trabajo  
245 |a Sistema de información del sector trabajo y seguridad social. Algunas cifras sociales  
260 |a San José:   |b MTSS  
300 |a 48 p  
999 |c 13248  |d 13248